| 000 | 01139nam a2200337 a 4500 | ||
|---|---|---|---|
| 001 | vtls000775026 | ||
| 003 | NLI | ||
| 005 | 20210627050920.0 | ||
| 008 | 110319s1981 dcu i000 0 eng | ||
| 039 | 9 |
_y201103192032 _zVLOAD |
|
| 040 |
_aNLI _cVTLS-2010_FOD _eAACR2 |
||
| 040 | _aFinal A | ||
| 041 | 0 | _aeng | |
| 044 | _adcu | ||
| 082 | 0 | 4 | _a332.15 |
| 245 | 0 | 0 |
_aDevelopment credit agreement (Purna irrigation project) between India and International Development Association : _bdated July 18, 1962 |
| 260 |
_aWashington, D.C : _bInternational Development Association, _c1981 |
||
| 300 |
_a12 p. ; _c30 cm. |
||
| 500 | _aConformed copy | ||
| 500 | _aConformed copy of Development credit agreement, Number 23 IN | ||
| 500 | _aCover title | ||
| 650 | 0 |
_aLoans _xForeign _xDeveloping countries |
|
| 650 | 0 | _aInternational finance | |
| 710 | 2 |
_aInternational Development Association (Washington) _4pbl |
|
| 710 | 2 | _aWorld Bank (Washington) | |
| 887 | _a | ||
| 901 |
_aUN-35115 _b29.06.2010 |
||
| 902 | _aU.N 332.15 Ag 84 d (23 In) | ||
| 949 |
_AVIRTUAITEM _D10002 _X100 _6UNX000035115ENG |
||
| 942 |
_2ddc _cBKS |
||
| 999 |
_aVIRTUA40 _c628571 _d628571 |
||